Physics for Entertainment (Record no. 831760)

MARC details
000 -LEADER
fixed length control field 00419nam a2200169Ia 4500
008 - FIXED-LENGTH DATA ELEMENTS--GENERAL INFORMATION
fixed length control field 110201s9999 xx 000 0 und d
082 ## - DEWEY DECIMAL CLASSIFICATION NUMBER
Item number B6044
Classification number E 212
100 ## - MAIN ENTRY--PERSONAL NAME
Personal name peralmen ya
245 ## - TITLE STATEMENT
Title Physics for Entertainment
260 ## - PUBLICATION, DISTRIBUTION, ETC. (IMPRINT)
Name of publisher, distributor, etc Hir publishers
365 ## - TRADE PRICE
Price amount 0
600 ## - SUBJECT ADDED ENTRY--PERSONAL NAME
Personal name peralmen ya
630 ## - SUBJECT ADDED ENTRY--UNIFORM TITLE
Uniform title Physics for Entertainment
700 ## - ADDED ENTRY--PERSONAL NAME
Personal name peralmen ya
730 ## - ADDED ENTRY--UNIFORM TITLE
Uniform title Physics for Entertainment
942 ## - ADDED ENTRY ELEMENTS (KOHA)
Koha item type Book
Holdings
Withdrawn status Lost status Damaged status Not for loan Home library Current library Date acquired Cost, normal purchase price Total Checkouts Barcode Date last seen Cost, replacement price Price effective from Koha item type
        Prof.Manikrao Kirtane Vachanalaya, Vashi, Navi Mumbai Prof.Manikrao Kirtane Vachanalaya, Vashi, Navi Mumbai 02/01/2011 0.00   PMKV-B6044 02/01/2011 0.00 02/01/2011 Book